• 首页
  • 本馆介绍
  • 公告通知
  • 最新文献
  • 馆藏检索
  • 电子资源
  • 读者导购
  • 参考咨询
  • 我的图书馆
  • 登录
  • 详细信息显示
  • 放入我的书架
  • 预约/预借图书
  • 作者相关作品
  • 分类相关作品
  • 丛书相关作品
  • 出版社相关作品

书目信息

  • 表格格式
  • 工作单格式
  • 卡片格式
题名:
猪的经济杂交
    
 
作者: ;《猪的经济杂交》编写组 编
分册:  
出版信息: 北京   科学出版社  1973
页数: 90页
开本: 19cm
丛书名:
单 册:
中图分类: S828.2
科图分类:
主题词: 猪--杂交育种
电子资源:
ISBN: 13031.88
000 00702cam0 2200241 450
001 0105512536
005 20080204135158.0
010    @a13031.88@dCNY0.20
091    @a13031.88@dCNY0.20
100    @a19960207d1973 em y0chiy0110 ea
101 0  @achi
102    @aCN@b110000
105    @ay z 000yy
106    @ar
200 1  @a猪的经济杂交@9Zhu De;Di Jing Ji Za Jiao @f《猪的经济杂交》编写组编@b专著
210    @a北京@c科学出版社@d1973
215    @a90页@d19cm
606 0  @a猪@x杂交育种
690    @aS828.2@v3
711 02 @a《猪的经济杂交》编写组@9《zhu de jing ji za jiao》 bian xie zu@4编
801  0 @aCN@b广东省中山图书馆
801  2 @aCN@bAiZhiMarc
905    @aBZT@dS828.2@e114@f5@sS828.2/114
    
    猪的经济杂交/《猪的经济杂交》编写组编.-北京:科学出版社,1973
    90页;19cm
    
    
    ISBN 13031.88:CNY0.20
    
●
相关链接 在五车中查询图书 在当当中查询图书 在豆瓣中查询图书


正题名:猪的经济杂交     索取号:S828.2/114         预约/预借

序号 登录号 条形码 馆藏地/架位号 状态 备注
1 2000089047   2000089047   旧书回溯/ [索取号:S828.2/114] 在馆    
2 2000089048   2000089048   旧书回溯/ [索取号:S828.2/114] 在馆    
3 2000089049   2000089049   旧书回溯/ [索取号:S828.2/114] 在馆    
4 2000089050   2000089050   旧书回溯/ [索取号:S828.2/114] 在馆    
5 2000089051   2000089051   旧书回溯/ [索取号:S828.2/114] 在馆    
山东省滨州职业学院图书馆 欢迎您!
大连网信软件有限公司© 版权所有